[Event "Corus"]
[Site "Wijk aan Zee"]
[Date "2006.01.20"]
[Round "6"]
[White "Adams, Michael"]
[Black "Ivanchuk, Vassily"]
[Result "1-0"]
[WhiteElo "2707"]
[BlackElo "2729"]
[Annotator "Ftacnik,L"]
[PlyCount "87"]
[EventDate "2006.01.14"]
[EventType "tourn"]
[EventRounds "13"]
[EventCountry "NED"]
[EventCategory "19"]
[SourceTitle "CBM 111"]
[Source "ChessBase"]
[SourceDate "2006.04.04"]
[SourceVersion "1"]
[SourceVersionDate "2006.04.04"]
[SourceQuality "1"]

1. e4 c5 2. Nf3 d6 3. d4 cxd4 4. Nxd4 Nf6 5. Nc3 a6 6. Be3 e6 7. a4 b6 8. g4
Bb7 9. Bg2 Nfd7 $6 {This smart move is not suffcient to slow down white
advance on the kingside. Ivanchuk moves developed piece in the moment, when he
is slightly behind in bringing pieces to play.} (9... h6 10. h4 g6 11. Qe2 Nbd7
12. g5 hxg5 13. hxg5 Rxh1+ 14. Bxh1 Nh5 15. O-O-O Rc8 16. Bf3 Ng7 17. Rh1 Ne5
18. Bg2 Nc4 19. f4 Qc7 20. Bd2 Nh5 21. Qd3 Bg7 {0-1 Atlas,V (2503)-Nielsen,P 
(2642)/Austria 2002 (36)}) (9... d5 10. e5 Nfd7 11. f4 Nc6 12. O-O Nxd4 13.
Bxd4 Bc5 14. Ne2 Qc7 (14... O-O 15. g5 a5 16. Rf3 Ba6 17. Bf1 Qe7 {1/2-1/2
Smirin,I (2630)-Yudasin,L (2615)/Haifa 1995}) 15. c3 a5 16. Ng3 O-O 17. g5 g6
18. Rf2 Rfc8 19. Nf1 b5 20. axb5 Qb6 21. Ne3 Qxb5 {1/2-1/2 Asrian,K (2646)
-Huzman,A (2573)/Moscow 2006 (39)}) 10. f4 Nc6 11. O-O Rc8 12. Nxc6 $1 Rxc6 $6
{Taking the knight on c6 is a strategical meassure in quite a few positions
and black always agonizes about the best way to recapture. The rook doesn't
really belong to c6.} (12... Bxc6 13. Bd4 Bb7 14. Qe2 $14) 13. f5 g6 (13... Be7
14. fxe6 fxe6 15. g5 Ne5 16. Qh5+ g6 17. Qh6 Bf8 18. Qh3 Bc8 $14) 14. fxe6 fxe6
15. Ne2 $1 {[%mdl 2048] An excellent manouver of the knight. Defender will
have a difficult task to defend critical weakness e6.} Bg7 (15... e5 16. Nc3
$16) 16. Nd4 (16. e5 Bxe5 17. Nd4 Bxd4 18. Qxd4 e5 19. Qd1 Qh4 20. g5 Rc7 21.
Bxb7 Rxb7 22. Qf3 $16) 16... Bxd4 17. Bxd4 e5 (17... Ne5 18. Qd2 $16) 18. Be3
Rf8 19. Qe2 (19. Qd5 $5 Qe7 20. g5 (20. Rxf8+ Nxf8 21. Rf1 Rxc2 22. Qb3 Rxg2+
23. Kxg2 Bxe4+ 24. Kg3 Ne6 25. Qxb6 $16) 20... Rc7 21. Qb3 a5 22. Qd3 $16)
19... Qe7 20. c3 (20. a5 bxa5 21. g5 $16) 20... Qe6 21. Rxf8+ Nxf8 22. a5 $1 {
Unpleasant situation for black ,since his dark squares will now become
vulnerable on all parts of the board.} b5 (22... bxa5 23. Rxa5 Kf7 24. g5 $16)
23. Qf2 Qe7 (23... b4 24. cxb4 Qb3 25. Bg5 $1 Nd7 26. Qh4 Qxb2 27. Rd1 Qb3 28.
Rf1 Qg8 29. Qf2 $16) 24. h4 Ne6 25. Rd1 Rc4 26. g5 Nc5 (26... Bxe4 27. b3 $1
Bxg2 28. bxc4 $18) 27. Bxc5 Rxc5 (27... dxc5 28. Bh3 $1 (28. Qc2 Ra4 29. b3
Rxa5 $13) 28... Bc6 29. Qg3 Kf7 (29... Ra4 30. Qg4 Kf7 31. Qc8 Be8 32. Bd7 $18)
30. b3 Rxe4 31. Bg2 $18) 28. Rd3 $1 {Adams knows, how to play with pieces and
the rook aims for the perfect location on f6.} Bc8 $6 (28... Rc4 29. Qb6 Rc6
30. Qa7 Bc8 31. Qf2 Be6 32. Rf3 $16) 29. Rf3 Be6 30. Rf6 Rc6 (30... Bb3 31. Kh2
Rc6 32. Qf3 Bf7 33. Bh3 $16) 31. Kh2 Rc5 32. Qe3 Qd7 33. Qf3 Qe7 34. h5 $1 {
White has all the advantages of better pieces, but he needs concrete targets.}
b4 (34... Bf7 35. hxg6 hxg6 (35... Bxg6 36. Bh3 Bf7 37. Bg4 $18) 36. Qh3 Qf8
37. Qh7 Rc7 38. Bh3 Rb7 39. Be6 $18) 35. cxb4 Rc2 36. Qd3 Rxb2 37. Qc3 Ra2 38.
Qc6+ Kd8 (38... Bd7 39. Qa8+ Qd8 40. Rf8+ $18) 39. Qb6+ Kd7 40. Qxa6 gxh5 41.
Qb7+ Kd8 42. Qb8+ Kd7 (42... Bc8 43. Rxd6+ $18) 43. a6 Kc6 44. Qb7+ $1 (44.
Qb7+ $1 Qxb7 45. axb7 Kxb7 46. Rxe6 $18) 1-0

[Event "CUB-ch"]
[Site "Holguin"]
[Date "2002.04.11"]
[Round "10"]
[White "Vazquez Igarza, Renier"]
[Black "Abreu Delgado, Aryam"]
[Result "0-1"]
[WhiteElo "2442"]
[BlackElo "2480"]
[Annotator "Ftacnik,L"]
[PlyCount "80"]
[EventDate "2002.03.31"]
[EventType "tourn"]
[EventRounds "17"]
[EventCountry "CUB"]
[EventCategory "9"]
[SourceTitle "CBM 089"]
[Source "ChessBase"]
[SourceDate "2002.08.12"]
[SourceVersion "1"]
[SourceVersionDate "2002.08.12"]
[SourceQuality "1"]

1. e4 c5 2. Nf3 d6 3. d4 cxd4 4. Nxd4 Nf6 5. Nc3 a6 6. Be3 Nc6 7. f3 e6 8. Qd2
Be7 9. O-O-O O-O 10. g4 Nxd4 11. Bxd4 b5 12. g5 Nd7 13. h4 Bb7 14. g6 b4 15.
gxh7+ Kh8 16. Nd5 $6 {[%mdl 4] This very ambitious sacrifice of two pieces is
very ambitious, but seems to be not completely correct.} exd5 17. Bxg7+ Kxg7
18. Rg1+ Kxh7 19. Bh3 f5 20. Qf4 Rf6 21. Rg5 (21. Bxf5+ Kh8 22. Rg5 Qe8 23.
Rdg1 Qf7 24. Qg4 Rxf5 25. Rxf5 Nf6 26. Qf4 Rg8 27. Rxg8+ Qxg8 28. Rg5 (28. Rxf6
Qg1+ 29. Kd2 Qd4+ $19) 28... Qh7 29. Rf5 dxe4 30. Rxf6 Bxf6 31. Qxf6+ Qg7 32.
Qxg7+ Kxg7 33. fxe4 Bxe4 {0-1 Muhren,B-Chistiakova,T/Chalkidiki 2000/ (44)})
21... Qf8 22. Rh5+ (22. Bxf5+ Rxf5 23. Rxf5 Nf6 $17) 22... Kg8 23. Bxf5 (23.
Rg1+ Kf7 24. Rh7+ Ke8 25. Rgg7 dxe4 26. Rxe7+ Qxe7 27. Rxe7+ Kxe7 $19) 23...
Kf7 24. Qg4 (24. Bg6+ $5 Kxg6 25. Qg4+ Kf7 26. Qxd7 Bc8 27. Rh7+ Kg8 28. Qxe7
Qxe7 29. Rxe7 dxe4 30. fxe4 Bg4 31. Rg1 Rf4 $17) 24... Ne5 25. Rh7+ Ke8 26.
Qh5+ Kd8 (26... Nf7 27. Bg6 Rxg6 28. Qxg6 Rc8 29. Rg7 dxe4 30. Rg8 exf3 $15)
27. Rh8 Kc7 28. Rxf8 Raxf8 29. Rg1 {White has won a queen, but black's chances
are quite good with enough material and active play.} (29. Rd4 a5 30. c3 bxc3
31. bxc3 dxe4 32. fxe4 Bc8 $15) 29... R6f7 (29... Nxf3 $2 30. Rg7 Kd8 31. Qh7
$18) 30. b3 (30. Be6 Rf4 $1 (30... Rxf3 31. Qh7 Rf1+ 32. Rxf1 Rxf1+ 33. Kd2 Kd8
34. exd5 a5 $13) 31. Qh7 Kd8 32. Rg8 dxe4 $17) 30... Nxf3 $1 31. Qxf3 $2 {
This meak move puts up hardly any resistance, black will win with the help of
"e" passed pawn.} (31. Rd1 dxe4 32. Be6 Ne5 $5 (32... Rg7 33. Qa5+ Kb8 34. Bd5
$15) 33. Bxf7 Rxf7 $17) 31... dxe4 32. Qe2 Rxf5 33. Qc4+ Rc5 34. Qxb4 e3 35.
Rg7 (35. Kb1 Rf2 $19) (35. Qd4 Rf2 36. c4 Rxa2 $19) 35... Re5 36. Rg1 e2 37.
Re1 Bc6 38. Qc4 Rf2 39. Qxa6 Bxh4 40. Qc4 Rh2 0-1

[Event "Corus-B"]
[Site "Wijk aan Zee"]
[Date "2006.01.14"]
[Round "1"]
[White "Motylev, Alexander"]
[Black "Cheparinov, Ivan"]
[Result "1-0"]
[WhiteElo "2638"]
[BlackElo "2625"]
[Annotator "Ftacnik,L"]
[PlyCount "83"]
[EventDate "2006.01.14"]
[EventType "tourn"]
[EventRounds "13"]
[EventCountry "NED"]
[EventCategory "15"]
[SourceTitle "CBM 111"]
[Source "ChessBase"]
[SourceDate "2006.04.04"]
[SourceVersion "1"]
[SourceVersionDate "2006.04.04"]
[SourceQuality "1"]

1. e4 c5 2. Nf3 d6 3. d4 cxd4 4. Nxd4 Nf6 5. Nc3 a6 6. f3 e6 7. Be3 b5 8. Qd2
b4 9. Na4 Nbd7 10. O-O-O Qa5 $1 {It seems to be a more promissing line than
the daring 10...d5. Black has to be a bit better prepared for opening of the
the center.} (10... d5 11. exd5 (11. Bf4 Bb7 12. e5 Nh5 13. b3 Nxf4 14. Qxf4
Nc5 15. Nxc5 Bxc5 16. Qd2 Qb6 17. Kb1 a5 18. Bb5+ Kf8 19. Ba4 Rc8 {1/2-1/2 Teo
Wei Xing-Wee,K/Singapore 2004 (33)}) 11... Nxd5 12. Bc4 Bb7 13. Rhe1 $1 (13.
Bg5 Qc7 14. Qe2 Ne5 15. Bb3 h6 16. Bd2 Be7 17. Rhe1 Nc6 18. Nf5 Na5 19. Nxg7+
Kf8 20. Nxe6+ fxe6 21. Qxe6 Nxb3+ 22. axb3 Qc6 23. Qf5+ Qf6 {0-1 Motylev,A 
(2638)-Bologan,V (2661)/Moscow 2006 (45)}) 13... Qa5 14. Nxe6 fxe6 15. Bb6 Qxa4
16. Bxd5 Be7 17. Bxb7 Nxb6 18. Rxe6 O-O 19. Rxe7 Qxa2 20. Qd4 Rf6 21. Bxa8 {
1-0 Wang Hao (2519)-Nava,R (2317)/Instanbul 2005}) 11. b3 Bb7 12. a3 (12. g4
Nc5 13. a3 Nxa4 14. axb4 Qc7 15. bxa4 Nd7 16. Nb3 d5 17. Na5 Rc8 18. c4 Ba8 19.
c5 Nxc5 20. bxc5 Bxc5 21. Bxc5 Qb6 22. Nc4 Qxc5 23. Qd4 Ke7 24. Qxc5+ Rxc5 25.
Be2 dxc4 {0-1 Andreev,E (2470)-Sasikiran,K (2670)/Cappelle la Grande 2006 (47)}
) 12... Qc7 13. axb4 (13. Qxb4 $2 d5 $17) 13... d5 14. c4 (14. exd5 Nxd5 15. c3
Bxb4 16. Bc4 Be7 $17) 14... dxe4 (14... dxc4 15. bxc4 a5 16. Nb5 Qc6 17. bxa5
Be7 18. Qc3 $16) 15. Kb2 Be7 {Cheparinov has won a pawn back and his chances
seem to be better.} (15... exf3 16. gxf3 (16. Nxf3 Bxf3 17. gxf3 Rb8 $17) 16...
e5 17. Bh3 $1 (17. Nf5 Bxf3 18. Bg2 Bxd1 19. Bxa8 Bg4 $17) 17... exd4 (17...
Qd6 18. Rhe1 Qxb4 19. c5 $16) 18. Bxd4 Be7 19. Rhe1 $40) (15... e5 16. Nf5 exf3
17. c5 Rb8 18. Rg1 $15) 16. Be2 O-O 17. Bf4 (17. f4 Rfd8 18. Qe1 Rab8 $17)
17... e5 18. Bg3 g6 (18... exf3 $5 19. gxf3 Rfd8 20. Nf5 Bf8 21. Qg5 Kh8 $17)
19. Nc2 Rfd8 (19... a5 20. b5 Rfd8 21. Qe3 Rac8 (21... Nc5 22. b6 $15) 22. Rhf1
Nc5 $17) 20. Qe3 Bc6 (20... a5 $5) 21. Nc3 Rab8 $2 {Mistake, that will be
rather costly. Black had the last chance to swap the pawns on f3, now the
initiative will wander to to white.} (21... a5 22. b5 Bc5 23. Qg5 exf3 24. Bxf3
Bxf3 25. gxf3 $13) (21... exf3 $5 22. Bxf3 Bxf3 23. gxf3 a5 $15) 22. f4 $1 Bxb4
(22... Re8 23. Rhf1 $14) 23. Nxb4 Rxb4 24. fxe5 Nh5 (24... Rdb8 25. Nb5 axb5
26. exf6 Qa5 27. Bxb8 bxc4 28. Bxc4 Rxb8 29. Qc3 $16) (24... Qb7 25. Na2 Ne8
26. Nxb4 Qxb4 27. Rhf1 $18) 25. e6 {Motylev was surely worried about the
complications after 25.Bxh5, the chosen move leaves him in safe position with
the attacking chances.} (25. Bxh5 Rdb8 $1 26. Nb5 (26. e6 Rxb3+ 27. Kc1 Qa5 28.
exf7+ Kxf7 $19) 26... axb5 27. e6 Ne5 (27... bxc4 28. Bxc7 Rxb3+ 29. Qxb3 Rxb3+
30. Kc2 fxe6 31. Bg4 $18) 28. exf7+ Qxf7 29. Bxe5 bxc4 30. Bxb8 Rxb3+ 31. Qxb3
cxb3 32. Be2 $14) 25... Nxg3 26. exf7+ $1 (26. Qxg3 Qxg3 27. hxg3 fxe6 28. Bg4
Re8 $11) 26... Kxf7 27. hxg3 Kg8 (27... Nf6 28. Rdf1 Qb8 29. Qg5 (29. Rxh7+ Kg8
30. Rxf6 Rxb3+ 31. Kc2 Kxh7 32. Qg5 Be8 33. Rf8 Rd2+ 34. Kxd2 Qd6+ 35. Kc2
Rxc3+ 36. Kxc3 Qxf8 37. Qh4+ Kg8 38. Qxe4 $14) 29... Rxb3+ 30. Kc2 Rxc3+ 31.
Kxc3 $18) 28. Bg4 Nf8 (28... Nf6 29. Be6+ Kh8 30. Qf4 $1 Qe7 31. Rxd8+ Qxd8 32.
Rf1 Kg7 33. g4 $16) 29. Rxd8 Qxd8 30. Nxe4 Bxe4 $6 {It must be dubious to part
with such a nice bishop, white will now get a chance to dominate the game.} (
30... a5 31. Nc5 Qf6+ 32. Ka2 a4 33. Ka3 Rb6 34. b4 Bxg2 35. Re1 $16) 31. Qxe4
Qf6+ 32. Kc2 h5 (32... Qf2+ 33. Kc3 Rb6 34. Qf3 $16) 33. Bf3 Rb6 (33... Ne6 34.
Rd1 Rb6 35. Qe3 $16) 34. Rd1 Kh7 35. Rd5 Re6 36. Qd4 (36. Rxh5+ $4 Kg7 $19)
36... Qe7 37. Kb2 {The position is surely won for Motylev, black knight cuts a
sorry picture.} Qc7 (37... Re1 38. Rd8 Rh1 39. Ra8 $18) 38. Qf4 Qg7+ 39. Qd4
Qc7 40. Rd8 Qe7 41. c5 Re1 (41... Rf6 42. Rb8 Rf7 43. c6 $18) 42. Rb8 $1 (42.
Rb8 $1 Qf7 43. b4 Re7 44. c6 Rc7 45. Qe5 $18) 1-0

[Event "Linares 20th"]
[Site "Linares"]
[Date "2003.02.24"]
[Round "3"]
[White "Leko, Peter"]
[Black "Kasparov, Garry"]
[Result "1/2-1/2"]
[WhiteElo "2736"]
[BlackElo "2847"]
[Annotator "Ftacnik,L"]
[PlyCount "173"]
[EventDate "2003.02.22"]
[EventType "tourn"]
[EventRounds "14"]
[EventCountry "ESP"]
[EventCategory "20"]
[SourceTitle "CBM 094"]
[Source "ChessBase"]
[SourceDate "2003.05.26"]
[SourceVersion "1"]
[SourceVersionDate "2003.05.26"]
[SourceQuality "1"]

1. e4 c5 2. Nf3 d6 3. d4 cxd4 4. Nxd4 Nf6 5. Nc3 a6 6. f3 e6 7. Be3 Nc6 8. Qd2
Be7 9. O-O-O O-O 10. g4 Nxd4 11. Bxd4 b5 12. g5 Nd7 13. h4 Qc7 14. Kb1 b4 15.
Na4 Bb7 16. b3 Bc6 {The whole variation is used by black only by players of
the Kasparov's and Kramnik's format. White has reasonably high chances of
developing dangerous attack on the kingside.} 17. Nb2 a5 18. h5 Ne5 (18... a4
19. h6 (19. g6 h6 20. gxf7+ Rxf7 21. Bh3 e5 $1 22. Be6 exd4 23. Qxd4 axb3 24.
cxb3 Ne5 $17) 19... g6 20. Nd3 axb3 21. cxb3 d5 22. Qb2 f6 23. Bh3 $14) 19. Be2
a4 20. Nc4 Bb5 (20... Nxc4 21. Bxc4 d5 22. exd5 exd5 23. Bd3 Bd6 $15) 21. Nb6
Rab8 22. h6 (22. Bxb5 Nxf3 23. Qxb4 Nxd4 24. Qxd4 axb3 25. cxb3 Rxb6 $15) 22...
Bxe2 23. Qxe2 g6 (23... Rxb6 $2 24. hxg7 Rc8 25. Bxb6 Qxb6 26. Qh2 $1 $18) 24.
f4 Nc6 (24... axb3 25. cxb3 (25. fxe5 bxa2+ 26. Kxa2 Rxb6 27. Bxb6 Ra8+ 28. Kb1
Qc3 $19) 25... Nc6 26. Qb2 Nxd4 27. Qxd4 f6 28. Nc4 Rbd8 $11) 25. Nxa4 Nxd4 26.
Rxd4 e5 27. Rc4 (27. Rd5 exf4 28. Rf1 f6 29. Rxf4 fxg5 30. Rxf8+ Bxf8 $11)
27... Qa5 28. f5 (28. Qd2 exf4 29. Qxf4 Qxg5 30. Qxg5 Bxg5 31. c3 bxc3 32. Nxc3
f5 $11) 28... Bxg5 29. Rc6 Rfd8 $2 {Black is leaving the defensive location of
his rook on the f8 square and thus accepts rather high risk.} (29... Rbd8 30.
Qg4 Be3 $11) 30. Qg4 Be7 (30... Bf4 $2 31. fxg6 hxg6 32. Qh4 $1 $18) 31. Rd1 (
31. fxg6 hxg6 32. Qf3 Bg5 33. h7+ Kg7 34. Qg4 Be7 35. c4 bxc3 36. Nxc3 Ra8 37.
Qh3 $16) 31... Qa7 32. c3 Bf8 (32... Kh8 33. fxg6 fxg6 34. cxb4 Rf8 35. Nc3 Rf2
36. Rc8+ Bf8 37. Rxb8 Qxb8 38. Qg3 $14) 33. fxg6 hxg6 (33... fxg6 34. Qe6+ Kh8
35. cxb4 Re8 36. Qf6+ Kg8 37. Rc4 $14) 34. h7+ Kh8 (34... Kxh7 35. cxb4 Kg8 36.
Rc4 Qd7 $11) 35. cxb4 Rxb4 36. Qf3 Rdb8 (36... f5 $5 37. exf5 (37. Nc3 Qb7 38.
Nd5 Qxc6 39. Nxb4 Qxe4+ 40. Qxe4 fxe4 $15) (37. Qg2 Qxa4 38. Qxg6 Rxb3+ 39.
axb3 Qxb3+ 40. Kc1 Qe3+ 41. Rd2 Be7 $17) 37... Qxa4 38. fxg6 Rdb8 39. Rc3 e4
40. Qf5 Rxb3+ 41. Rxb3 Rxb3+ 42. axb3 Qxb3+ 43. Kc1 $11) (36... Qxa4 $2 37.
Qf6+ Bg7 38. Qxd8+ Kxh7 39. Rc3 $1 $18) 37. Nc3 Qb7 (37... R4b7 38. Rh1 f5 39.
exf5 gxf5 40. Qxf5 Rxh7 41. Rxh7+ Qxh7 42. Qxh7+ Kxh7 43. Ne4 $14) 38. Rcxd6 $2
{Leko in time trouble did not have the chance to consider the advantages of
the correct continuation 38.Nd5!} (38. Nd5 $1 Qxc6 39. Nxb4 Qb7 40. Nd5 $14)
38... Rxb3+ 39. Ka1 (39. axb3 $2 Qxb3+ 40. Kc1 Qb2#) 39... Rxc3 (39... Rb2 $5
40. R6d2 Rxd2 41. Rxd2 Kxh7 $17) 40. Qf6+ (40. Qxc3 Bxd6 $19) 40... Kxh7 (40...
Bg7 41. Rd8+ Rxd8 42. Qxd8+ Kxh7 43. Rh1+ Bh6 44. Qg5 Kg7 45. Qxh6+ Kf6 46.
Qh4+ Ke6 47. Rf1 $11) 41. Rb6 $1 {This beautiful move is not able to save the
game, but serves as an excellent parade in the defense of the endangered
position.} Qc7 (41... Qxb6 42. Rh1+ Bh6 43. Qxf7+ Kh8 44. Rxh6#) 42. Rh1+ (42.
Rxb8 Rc1+ 43. Rxc1 Qxc1+ 44. Rb1 Qc3+ 45. Rb2 Bc5 46. Qxf7+ Kh6 $17) 42... Bh6
43. Rxb8 (43. Qg5 Rc1+ $1 44. Qxc1 (44. Rxc1 Qxb6 $19) 44... Qxc1+ 45. Rxc1
Rxb6 $19) 43... Rc1+ 44. Rxc1 (44. Rb1 $2 Qc3#) 44... Qxc1+ 45. Rb1 Qc3+ 46.
Rb2 Qe1+ 47. Rb1 Qc3+ 48. Rb2 Kg8 $1 {[%mdl 4096] After this witty move white
has no chance to prevent the loss of an exchange, his opponent will enjoy
advantage of two spare pawns in the queens endgame.} 49. a4 Bc1 50. Qb6 Kg7 51.
Ka2 Bxb2 52. Qxb2 Qc4+ 53. Ka3 Qxe4 54. a5 g5 55. Qd2 Qf4 (55... Kg6 56. a6 g4
57. a7 g3 58. Qd6+ f6 59. Qb8 $13) 56. Qd8 (56. Qxf4 exf4 57. a6 f3 58. a7 f2
59. a8=Q f1=Q $19) 56... Qc1+ $6 {The best prove, that in Linares the
participants were human and no computers. Kasparov became nervous in the
winning position and instead of the correct advance of the g pawn he began to
give checks to the opponent's king.} (56... g4 $1 57. a6 g3 58. a7 Qf3+ 59. Kb4
g2 60. Qg5+ Kh7 $19) 57. Kb4 Qb2+ (57... g4 58. a6 Qe1+ 59. Kc5 $17) 58. Kc5
Qc3+ 59. Kb5 Qb3+ 60. Kc5 Qc3+ 61. Kb5 Qb3+ 62. Kc5 Qe3+ 63. Kb4 Qe4+ 64. Kc5
Qc2+ 65. Kb5 Qe2+ 66. Kb6 Qe3+ 67. Kc6 g4 68. a6 g3 69. a7 g2 (69... Qxa7 $2
70. Qg5+ Kh7 71. Qh5+ Kg7 72. Qg5+ $11) 70. a8=Q Qe4+ 71. Qd5 Qc2+ (71... Qxd5+
72. Kxd5 g1=Q 73. Kxe5 Qg5+ $17) 72. Kd6 (72. Kd7 Qf5+ 73. Ke8 g1=Q $19) (72.
Kb5 Qb2+ 73. Kc6 g1=Q $19) 72... Qg6+ 73. Kc7 $1 {Leko is defending like a
lion and his great opponent will be very frustrated by spoiling enormous
chances for win.} (73. Kxe5 $2 g1=Q $19) 73... g1=Q 74. Qxe5+ Qf6 (74... f6 75.
Qe7+ Kh6 76. Qef8+ Qg7+ 77. Kc6 Qd4 $17) 75. Qh8+ Kxh8 76. Qxf6+ Qg7 77. Qh4+
Kg8 78. Kd6 (78. Qd8+ Kh7 79. Qh4+ Qh6 80. Qe4+ Kg7 81. Qd4+ Qf6 82. Qg4+ Kh6
83. Qh3+ Kg6 84. Qg2+ Qg5 $17) 78... Qg6+ 79. Ke5 Kg7 80. Qe7 Qg3+ 81. Kf5 Qg6+
82. Ke5 Qh6 83. Kf5 Qg6+ {The end of the game was even marred by the
discussions about the result due to the few seconds on the Leko's clock and
several repetitions of the position after 84.Ke5. White is not able to improve
his position and the arbiters have proclaimed the game a draw.} (83... Qh5+ 84.
Qg5+ Qxg5+ 85. Kxg5 $11) 84. Ke5 Kh7 85. Qh4+ Kg8 86. Qd8+ Kg7 87. Qe7 1/2-1/2